| 000 | 01676nam a22002657a 4500 | ||
|---|---|---|---|
| 005 | 20240305165512.0 | ||
| 007 | cr|||| |||| | ||
| 008 | 180927s2017 es |||||s|||| 00||0 spa d | ||
| 020 | _a978-84-9961-222-5 | ||
| 035 | _a22027 | ||
| 040 | _avLex | ||
| 090 |
_c8133 _d8133 |
||
| 100 | 1 | _aFoschiani, Giulia | |
| 245 | 1 | 2 |
_aEl rol del comité de los derechos de las personas con discapacidad _h[Recurso electrónico] : _bEl derecho a la educación inclusiva y de calidad / _cGiulia Foschiani |
| 256 | _aServicio en línea | ||
| 260 |
_aMadrid: _bEditorial Universitaria Ramón Areces, _c2017 |
||
| 300 | _a1 recurso electrónico | ||
| 500 | _aObra básica para instituciones que quieren asegurar el cumplimiento de los derechos de las personas con discapacidad, abriendo oportunidades a su participación en la sociedad, reconociendo el derecho a que se pueda acudir a estos organismos internacionales y siendo una guía práctica para estos menesteres para toda fundación u ONG que entre sus fines incluyan la defensa de los derechos de las personas con discapacidad. | ||
| 506 | 1 |
_aDisponible solo en los productos indicados _dvLex Global _dvLex Global (Academic Edition, excluding Law Schools) _dvLex Global (U.S. Academic Edition, Law Schools) _dvLex Global (U.S. Academic Edition, excluding Law Schools) _dvLex Global (Academic Edition, Law Schools) |
|
| 650 | 0 | 4 |
_aDerecho Civil _zEspaña |
| 650 | 0 | 4 |
_aDerecho Constitucional _zEspaña |
| 740 | 0 | _avLex Libros (Servicio en línea) | |
| 856 | 4 | 0 | _uhttps://app.vlex.com/#/sources/rol-del-comite-de-los-derechos-de-las-personas-con-discapacidad-el-derecho-a-la-educacion-inclusiva-y-de-calidad-22027 |
| 942 | _cRAA | ||
| 999 |
_c166370 _d166370 |
||